<?xml version="1.0" encoding="UTF-8"?>
<resp>
  <nextPage>https://data.bn.org.pl/api/networks/bibs.marcxml?marc=001+b0000610000619&amp;sinceId=610000620</nextPage>
  <collection>
    <record xmlns='http://www.loc.gov/MARC21/slim'><leader>01701nam a2200421 i 4500</leader><controlfield tag='001'>b0000610000619</controlfield><controlfield tag='005'>20251108084131.6</controlfield><controlfield tag='008'>220112s1992    pl a         |000 0 pol  </controlfield><controlfield tag='009'>9912835213205606</controlfield><datafield ind1=' ' ind2=' ' tag='035'><subfield code='a'>PAR_3PAR_3_8337-48omnis_par</subfield></datafield><datafield ind1=' ' ind2=' ' tag='035'><subfield code='a'>PAR_3_8337</subfield></datafield><datafield ind1=' ' ind2=' ' tag='035'><subfield code='a'>MD..20210914134738040137.</subfield></datafield><datafield ind1=' ' ind2=' ' tag='035'><subfield code='a'>(PL)b0000610000619</subfield></datafield><datafield ind1=' ' ind2=' ' tag='040'><subfield code='a'>PAR_3</subfield><subfield code='c'>PAR_3</subfield><subfield code='d'>WA N</subfield></datafield><datafield ind1='1' ind2=' ' tag='041'><subfield code='a'>pol</subfield><subfield code='h'>gre</subfield><subfield code='h'>ita</subfield><subfield code='h'>srp</subfield><subfield code='h'>hrv</subfield></datafield><datafield ind1='1' ind2='0' tag='245'><subfield code='a'>Biblia ilustrowana.</subfield><subfield code='n'>T. 2,</subfield><subfield code='p'>Nowy Testament /</subfield><subfield code='c'>il. Fernando Monzio Compagnoni ; [tł. z serboch.] ; [oprac. tekstu Biblii oraz innych tekstów uzupełniających Jan Górny].</subfield></datafield><datafield ind1='1' ind2=' ' tag='246'><subfield code='i'>Tyt. oryg.:</subfield><subfield code='a'>Nuovo Testamento</subfield></datafield><datafield ind1=' ' ind2=' ' tag='260'><subfield code='a'>Olsztyn :</subfield><subfield code='b'>Warmińskie Wydaw. Diecezjalne,</subfield><subfield code='c'>1992.</subfield></datafield><datafield ind1=' ' ind2=' ' tag='300'><subfield code='a'>343, [1] s. :</subfield><subfield code='b'>il. kolor. ;</subfield><subfield code='c'>26 cm.</subfield></datafield><datafield ind1=' ' ind2=' ' tag='336'><subfield code='a'>Tekst</subfield><subfield code='b'>txt</subfield><subfield code='2'>rdacontent</subfield></datafield><datafield ind1=' ' ind2=' ' tag='337'><subfield code='a'>Bez urządzenia pośredniczącego</subfield><subfield code='b'>n</subfield><subfield code='2'>rdamedia</subfield></datafield><datafield ind1=' ' ind2=' ' tag='338'><subfield code='a'>Wolumin</subfield><subfield code='b'>nc</subfield><subfield code='2'>rdacarrier</subfield></datafield><datafield ind1=' ' ind2=' ' tag='380'><subfield code='a'>Książki</subfield></datafield><datafield ind1=' ' ind2=' ' tag='500'><subfield code='a'>Oprac. na podst. : [Ilustrirana Biblija mladih, 1968]. - Oryg. włoski : &quot;La Bibbia illustrata&quot;. - Wyd. za zgodą Edizioni Paoline.</subfield></datafield><datafield ind1='1' ind2=' ' tag='700'><subfield code='a'>Górny, Jan</subfield><subfield code='d'>(1943- )</subfield><subfield code='e'>Opracowanie</subfield></datafield><datafield ind1='1' ind2=' ' tag='700'><subfield code='a'>Compagnoni, Fernando Monzio</subfield><subfield code='e'>Ilustracje</subfield></datafield><datafield ind1='2' ind2=' ' tag='710'><subfield code='a'>Warmińskie Wydawnictwo Diecezjalne (Olsztyn)</subfield><subfield code='4'>pbl</subfield></datafield><datafield ind1=' ' ind2=' ' tag='852'><subfield code='b'>48OMNIS_NETWORK</subfield><subfield code='8'>9912835213205606</subfield></datafield><datafield ind1=' ' ind2=' ' tag='852'><subfield code='b'>48OMNIS_PAR</subfield><subfield code='8'>991000006149807912</subfield></datafield><datafield ind1=' ' ind2=' ' tag='852'><subfield code='8'>225162110007912</subfield><subfield code='j'>1</subfield><subfield code='b'>PAR_3_2</subfield><subfield code='p'>121000128324</subfield><subfield code='c'>F_DZIAL_KS</subfield></datafield></record>
  </collection>
</resp>
